000 00695nam a2200241Ia 4500
003 OSt
005 20220918222624.0
006 a|||||r|||| 00| 0
007 ta
008 220917b |||||||| |||| 00| 0 eng d
024 _a217,599
037 _cTextual
040 _aARTS
_cARTS
_beng
041 _2eng
_aeng
082 _aO15:gN, 111P2
100 _aRaghunathacharya S. B. Ed.
_9143665
245 0 _aModern Sanskrit literature
_b Tradition and innovations
260 _aNew Delhi
_bSahitya Akademi India
_c2002
300 _a360p.
_ccm.
650 _aENGLISH LITERATURE
942 _hO15:gN, 111P2
_cTEXL
_2CC
999 _c276081
_d276081